Sa vie et sa correspondance / (Record no. 128442)
[ view plain ]
| 000 -LEADER | |
|---|---|
| campo de control de longitud fija | 00720nam a2200193 i 4500 |
| 001 - NÚMERO DE CONTROL | |
| campo de control | 128442 |
| 003 - IDENTIFICADOR DE NÚMERO DE CONTROL | |
| campo de control | ES-MaACL |
| 005 - FECHA Y HORA DE LA ÚLTIMA TRANSACCIÓN | |
| campo de control | 20251015063128.0 |
| 007 - CAMPO FIJO DE DESCRIPCIÓN FÍSICA--INFORMACIÓN GENERAL | |
| campo de control de longitud fija | t| |
| 008 - DATOS DE LONGITUD FIJA--INFORMACIÓN GENERAL | |
| campo de control de longitud fija | 070511m19021907fr ||||1| fre d |
| 080 ## - NÚMERO DE LA CLASIFICACIÓN DECIMAL UNIVERSAL | |
| Número de la Clasificación Decimal Universal | 840-6"18" |
| 100 1# - ENTRADA PRINCIPAL--NOMBRE DE PERSONA | |
| Nombre de persona | Taine, Hippolyte, |
| Fechas asociadas al nombre | 1828-1893 |
| 9 (RLIN) | 109085 |
| 245 10 - MENCIÓN DEL TÍTULO | |
| Título | Sa vie et sa correspondance / |
| Mención de responsabilidad, etc. | Hippolyte Taine. |
| 260 ## - PUBLICACIÓN, DISTRIBUCIÓN, ETC. | |
| Lugar de publicación, distribución, etc. | Paris : |
| Nombre del editor, distribuidor, etc. | Lahure, |
| Fecha de publicación, distribución, etc. | [entre 1902 y 1907] |
| 300 ## - DESCRIPCIÓN FÍSICA | |
| Extensión | 4 v. ; |
| Dimensiones | 19 cm. |
| 505 8# - NOTA DE CONTENIDO CON FORMATO | |
| Nota de contenido con formato | Contiene: v. 1.-- Correspondance de jeunesse, 1847-1853. v. 2.-- Le critique et le philosophe, 1853-1870 v. 3.-- L'historien (1870-1875). v. 4.--L'historien (suite). Les dernières années (1876-1893) |
| 852 ## - LOCALIZACIÓN | |
| Ubicación | ES-MaACL |
| Número de control de estantería | F-11604-07 |
| Estatus retirado | Estado de pérdida | Estado de daño | No para préstamo | Biblioteca de origen | Biblioteca actual | Ubicación en estantería | Fecha de adquisición | Fuente de adquisición | Total de préstamos | Signatura topográfica completa | Código de barras | Visto por última vez | Precio de reemplazo | Tipo de ítem Koha |
|---|---|---|---|---|---|---|---|---|---|---|---|---|---|---|
| Biblioteca del Ateneo de Madrid | Biblioteca del Ateneo de Madrid | Sala Pecera Planta 2 | 17/01/2008 | F-11604-07 | 1133771 | 23/02/2023 | 23/02/2023 | Libro impreso |
